00334nam a2200121Ia 4500008004100000041000800041082001500049100001700064245004500081260004400126300003100170365001100201240624s9999 xx 000 0 und d aeng a658.85 COS aCOSTELL JOSH aSCIENCE OF SALES SUCCESS A PROVEN SYSTEM c2007aNew DelhibPrentice-Hall of India axii, : 307 : p. : cm. ; 23 cRSb36